00830nam a2200217 a 450000100100000000500170001000800410002704000250006808200200009310000310011324500850014426000360022930000270026559000260029265000360031865000370035470000480039191000380043995201180047799900170059500001139120200929162435.0091016s1978 dr r 001 0 spa d aDO-SdBNPbspacBNPHU aPR861.44bR789g1 aRosario, Aída del92700610aGritos de angustias /cAída del Rosario ; prólogo Germán Santiago Batista. aSanto Domingo :bCaribe,c1978. a74 p. :bil. ;c20 cm. aInventariado, 2018/BT 4aPoesía puertorriqueña91015 4aLiteratura puertorriqueña925012aSantiago Batista, Germán,epról.927007 aValidado. Control de calidad. MFF 0010718PDaPDbPDcHDd2009-10-16iLF1l0oPR861.44 R789gp11391-10r2020-06-25w2020-06-25yLFPDZNo se presta c11098d11098